000 00414nam a2200145Ia 4500
008 230312s9999||||xx |||||||||||||| ||und||
020 _a978-9380856483
082 _a621.3822
_bSHA-D
100 _aShah;Jigar.H
245 0 _aDigital Signal Processing:Principles and Implementations
260 _bUniversity Science Press
_aIndia
_c2013
300 _a863
650 _aEngineering
_vElectrical/Telecom
942 _cBK
999 _c14234
_d14234